Macroeconomía (Registro nro. 5018)
[ vista simple ]
| 000 -LEADER | |
|---|---|
| fixed length control field | 01468 a2200229 4500 |
| 001 - CONTROL NUMBER | |
| control field | 52896 |
| 005 - DATE AND TIME OF LATEST TRANSACTION | |
| control field | 20260407155803.0 |
| 008 - FIXED-LENGTH DATA ELEMENTS--GENERAL INFORMATION | |
| fixed length control field | 260407a1998 arg spa d |
| 003 - CONTROL NUMBER IDENTIFIER | |
| control field | AR-UNSa-BCEJYS |
| 040 ## - CATALOGING SOURCE | |
| Original cataloging agency | AR-UNSa-BCEJYS |
| Language of cataloging | spa |
| Transcribing agency | AR-UNSa-BCEJYS |
| 080 ## - UNIVERSAL DECIMAL CLASSIFICATION NUMBER | |
| Universal Decimal Classification number | 330.101.541 |
| Common auxiliary subdivision | Macroeconomía |
| 020 ## - INTERNATIONAL STANDARD BOOK NUMBER | |
| International Standard Book Number | 84-344-2142-9 |
| 041 ## - LANGUAGE CODE | |
| Language code of text/sound track or separate title | spa |
| 100 1# - MAIN ENTRY--PERSONAL NAME | |
| Personal name | Stiglitz, Joseph E. |
| 245 10 - TITLE STATEMENT | |
| Title | Macroeconomía |
| 264 #1 - PRODUCTION, PUBLICATION, DISTRIBUTION, MANUFACTURE, AND COPYRIGHT NOTICE | |
| Place of production, publication, distribution, manufacture | Barcelona : |
| Name of producer, publisher, distributor, manufacturer | Ariel |
| Date of production, publication, distribution, manufacture, or copyright notice | 1998 |
| 300 ## - PHYSICAL DESCRIPTION | |
| Extent | 612 p. |
| Dimensions | 24 cm. |
| 505 ## - FORMATTED CONTENTS NOTE | |
| Formatted contents note | 1. El automóvil y la economía - 2. Premisas básicas - 3. El sistema de precios - 4. Objetivos e indicadores macroeconómicos - 5. Fundamentos microeconómicos - 6. El modelo de pleno empleo - 7. Utilización del modelo de pleno empleo - 8. Visión panorámica del análisis macroeconómico del paro - 9. La demanda agregada - 10. El consumo y la inversión - 11. El denero, la banca y el crédito - 12. La teoría monetaria - 13. La política fiscal y monetaria - 14. La inflación: La dinámica de los salarios y de los precios - 15. El paro: Comprender la rigidez de los salarios - 16. La inflación y el paro: Enfoques de la política económica - 17. El crecimiento y la productividad - 18. Los déficit y su reducción - 19. La política comercial - 20. Otros sistemas económicos - 21. El desarrollo |
| 590 ## - LOCAL NOTE (RLIN) | |
| Local note | niveau_biblio:m niveau_hierar:0 |
| 856 41 - ELECTRONIC LOCATION AND ACCESS | |
| Uniform Resource Identifier | <a href="https://www.biblioeco.unsa.edu.ar/pmb/images/libros/L128331.jpg">https://www.biblioeco.unsa.edu.ar/pmb/images/libros/L128331.jpg</a> |
| Link text | Imagen de portada |
| Electronic format type | image/jpeg |
| 942 ## - ADDED ENTRY ELEMENTS (KOHA) | |
| Koha item type | |
| Withdrawn status | Lost status | Damaged status | Not for loan | Home library | Current library | Shelving location | Date acquired | Total checkouts | Full call number | Barcode | Date last seen | Price effective from | Koha item type |
|---|---|---|---|---|---|---|---|---|---|---|---|---|---|
| Biblioteca Prof. Eusebio Cleto del Rey | Biblioteca Prof. Eusebio Cleto del Rey | 07/04/2026 | 330.101.541 S854 | L128331 | 07/04/2026 | 07/04/2026 | Libro |